Gastrointestinal Motility Disorders A Point of Care Clinical Guide /

This guide focuses on the answers to patient questions that are frequently posed to providers who care for patients with GI motility disorders. Additionally, the text guides clinicians through the complicated diagnostic and therapeutic/management approaches to motility disorders, including common an...

Full description

Bibliographic Details
Corporate Author: SpringerLink (Online service)
Other Authors: Bardan, Eytan (Editor, http://id.loc.gov/vocabulary/relators/edt), Shaker, Reza (Editor, http://id.loc.gov/vocabulary/relators/edt)
Format: Electronic eBook
Language:English
Published: Cham : Springer International Publishing : Imprint: Springer, 2018.
Edition:1st ed. 2018.
Subjects:
Online Access:Full Text via HEAL-Link
LEADER 03826nam a2200445 4500
001 978-3-319-59352-4
003 DE-He213
005 20191023221438.0
007 cr nn 008mamaa
008 171012s2018 gw | s |||| 0|eng d
020 |a 9783319593524  |9 978-3-319-59352-4 
024 7 |a 10.1007/978-3-319-59352-4  |2 doi 
040 |d GrThAP 
050 4 |a RC799-869 
072 7 |a MJH  |2 bicssc 
072 7 |a MED031000  |2 bisacsh 
072 7 |a MJH  |2 thema 
082 0 4 |a 616.33  |2 23 
245 1 0 |a Gastrointestinal Motility Disorders   |h [electronic resource] :  |b A Point of Care Clinical Guide /  |c edited by Eytan Bardan, Reza Shaker. 
250 |a 1st ed. 2018. 
264 1 |a Cham :  |b Springer International Publishing :  |b Imprint: Springer,  |c 2018. 
300 |a XV, 440 p. 79 illus., 49 illus. in color.  |b online resource. 
336 |a text  |b txt  |2 rdacontent 
337 |a computer  |b c  |2 rdamedia 
338 |a online resource  |b cr  |2 rdacarrier 
347 |a text file  |b PDF  |2 rda 
505 0 |a Achalasia and Esophageal Outlet Obstruction -- Esophageal Chest Pain - Esophageal Spasm -- Chest Pain of Esophageal Origin and Reflux Hypersensitivity -- Nonspecific Esophageal Motility Disorders -- Scleroderma Esophagus -- Globus Sensation -- UES Restrictive Disorders -- Erosive Esophagitis -- Regurgitation -- Nonerosive Reflux Disease (NERD) -- Functional Heartburn -- "I am tired of taking pills for my reflux, what else can I do?" Surgical and Endoscopic Treatment for GERD -- Barrett's Esophagus: Am I going to get cancer? What should I do to avoid it? -- Supraesophageal Reflux Disease (SERD) -- Chronic Cough and Throat Clearing -- Dysphonia and Laryngopharyngeal Reflux -- Aspiration Pneumonia / Bronchitis -- Esophageal Manometry -- Radiologic Evaluation of Swallowing: The Esophagram -- Painful Swallowing -- Eosinophilic Esophagitis -- Chronic Belching and Chronic Hiccups -- Cyclic Vomiting Syndrome -- Gastroparesis, Postprandial Distress -- Gastric Pacing -- Rapid Gastric Emptying/Pyloric Dysfunction -- H pylori and Other Gastritides -- Gastric Emptying Studies -- Gastric Functional Tests: Upper Gastrointestinal Barium Studies -- Small Intestinal Bacterial Overgrowth -- Short Bowel Syndrome -- Hydrogen Breath Tests -- Small Intestinal Tests: Small Bowel Follow Through, CT Enterography and MR Enterography -- The Wireless Motility Capsule -- Chronic Constipation -- Functional Anorectal Pain/Tenesmus -- Fecal Incontinence -- Irritable Bowel Syndrome -- Top 10 Drugs Most Commonly Used for GI Motility Disorders. 
520 |a This guide focuses on the answers to patient questions that are frequently posed to providers who care for patients with GI motility disorders. Additionally, the text guides clinicians through the complicated diagnostic and therapeutic/management approaches to motility disorders, including common and specialized tests, drug initiation, medications side effects, and disease complications. Written by experts in the field, Gastrointestinal Motility Disorders: A Point of Care Clinical Guide is a valuable reference for busy clinicians who need the best evidence-based answers to patient questions at their fingertips. 
650 0 |a Gastroenterology . 
650 1 4 |a Gastroenterology.  |0 http://scigraph.springernature.com/things/product-market-codes/H33061 
700 1 |a Bardan, Eytan.  |e editor.  |4 edt  |4 http://id.loc.gov/vocabulary/relators/edt 
700 1 |a Shaker, Reza.  |e editor.  |4 edt  |4 http://id.loc.gov/vocabulary/relators/edt 
710 2 |a SpringerLink (Online service) 
773 0 |t Springer eBooks 
776 0 8 |i Printed edition:  |z 9783319593500 
776 0 8 |i Printed edition:  |z 9783319593517 
776 0 8 |i Printed edition:  |z 9783319866048 
856 4 0 |u https://doi.org/10.1007/978-3-319-59352-4  |z Full Text via HEAL-Link 
912 |a ZDB-2-SME 
950 |a Medicine (Springer-11650)